Normal view
MARC view
Entry Personal Name
001 - CONTROL NUMBER
- control field: 815342
003 - CONTROL NUMBER IDENTIFIER
- control field: OSt
005 - DATE AND TIME OF LATEST TRANSACTION
- control field: 20250710145610.0
008 - FIXED-LENGTH DATA ELEMENTS
- fixed length control field: 250710|| aca||aabn | a|a d
040 ## - CATALOGING SOURCE
- Original cataloging agency: OSt
- Transcribing agency: OSt
100 ## - HEADING--PERSONAL NAME
- Personal name: बेनीपुरी,महेन्द्र
670 ## - SOURCE DATA FOUND
- Source citation: Work cat.: (OSt)1433560: बेनीपुरी, श्रीरामवृक्ष 815341, मुझे याद है, 2015.
